|
|
|
|
| LEADER |
00000naa a2200000uu 4500 |
| 001 |
vtls011088294 |
| 003 |
SK-MaSNL |
| 005 |
20260302105727.0 |
| 008 |
210905|1997 xo |||||||||||||||||eng| |
| 015 |
|
|
|a SNBRA
|
| 035 |
|
|
|a (urnnbn)urn:nbn:sk:snk:ar-a0co9i
|
| 035 |
|
|
|a (uuid)a61cbf66-7394-4f85-bead-5bc0e702d35a
|
| 035 |
|
|
|a urn:nbn:sk:snk-aavu2v
|
| 040 |
|
|
|a SNKBUCL
|b slo
|c SNKBUCL
|e AACR2
|
| 041 |
0 |
|
|a eng
|
| 044 |
|
|
|a xo
|c SK
|
| 100 |
1 |
|
|a Kopciuszewska, E.
|4 aut
|9 784827
|
| 245 |
1 |
0 |
|a IMPORTANCE OF THE IN-PROCESS CONTRACTION IN PLASTIC PRODUCTS
|c E. Kopciuszewska, S. Borkowski
|
| 700 |
1 |
|
|a Borkowski, Stanisław,
|d 1945-
|4 aut
|9 161049
|
| 773 |
0 |
|
|t Nové trendy v strojárstve na prahu tretieho tisícročia
|d Košice : Štroffek, 1997
|g S. 57-59
|z 8096763695
|
| 958 |
|
|
|a OND
|
| 958 |
|
|
|a article12
|
| 958 |
|
|
|a chapter
|
| 999 |
|
|
|c 1239986
|d 1241916
|